Obchodný personál maloobchodného podniku diplomová práca

Na minha lista:
Detalhes bibliográficos
Autor principal: Csoltkóová, Monika
Autor Corporativo: Obchodná fakulta EU. Katedra marketingu
Outros Autores: Kita, Pavol
Formato: Livro
Idioma:eslovaco
Publicado em: Bratislava 2016
Tags: Adicionar Tag
Sem tags, seja o primeiro a adicionar uma tag!

MARC

LEADER 00000nbm a2200000 4500
001 0216739
005 20170112104043.1
041 0 |a slo 
044 |a SK 
245 1 0 |a Obchodný personál maloobchodného podniku  |b diplomová práca  |c Monika Csoltkóová ; školiteľ: Pavol Kita 
264 1 |a Bratislava  |c 2016 
300 |a 68 s. 
100 1 |a Csoltkóová, Monika 
700 1 |a Kita, Pavol 
710 2 |a Obchodná fakulta EU. Katedra marketingu